000 00866nam a2200217 i 4500
001 30872
003 ES-MaACL
005 20230906154252.0
007 t|
008 030127s1884 sp ||||1| spa d
100 1 _aBaz, Gustavo Adolfo.
_926723
245 1 0 _aApuntes para el cultivo de las dunas en México seguidos de la Memoria de Brémontier sobre las dunas del golfo de Gascuña /
_cGustavo A. Baz.
260 _aMadrid :
_b[s.n.],
_c1884 (
_fImp. de R. Moreno y R. Rojas)
300 _a72 p. ;
_c20 cm.
530 _aDisponible también en sitio web.
650 4 _aCultivo de dunas.
_9151870
700 1 _aBrémontier, Nicolas Théodore.
_9151869
852 _aES-MaACL
_jT-376-F-23
852 _aES-MaACL
_jT-425-F-2
856 _uhttp://bibliotecadigitalhispanica.bne.es:80/webclient/DeliveryManager?pid=3324835&custom_att_2=simple_viewer
_zIr a la página
999 _c30872
_d30872